[Event "Moscow Open Women 2012"]
[Site "Moscow RUS"]
[Date "2012.01.29"]
[Round "2.28"]
[White "Blokhina,E"]
[Black "Baciu,D"]
[Result "1-0"]
[WhiteElo "2006"]
[BlackElo "2206"]

1.d4 Nf6 2.c4 e6 3.Nc3 Bb4 4.Qc2 O-O 5.Bg5 d6 6.e3 e5 7.dxe5 dxe5 8.Bd3 Bxc3+
9.Qxc3 h6 10.Bh4 Qe7 11.Ne2 Nbd7 12.O-O Nc5 13.Bc2 a5 14.Rad1 Re8 15.f3 Bd7
16.Qa3 b6 17.Nc3 c6 18.Na4 Nxa4 19.Qxe7 Rxe7 20.Bxf6 gxf6 21.Bxa4 Rc8 22.Rd6 Be6
23.Rfd1 Bxc4 24.b3 Be6 25.Bxc6 Rec7 26.Bd5 Bxd5 27.R1xd5 Rc1+ 28.Kf2 R8c2+
29.Rd2 Kg7 30.Ke2 Rxd2+ 31.Rxd2 b5 32.Kd3 f5 33.Rc2 Rd1+ 34.Rd2 e4+ 35.Ke2 Ra1
36.Kf2 Kf6 37.Kg3 Ke5 38.Rc2 Kd5 39.Kf4 Rf1 40.Kxf5 exf3 41.g3 Re1 42.Rf2 Rxe3
43.g4 Kd4 44.h4 Rd3 45.Kf4 b4 46.g5 h5 47.Rc2 Kd5 48.Rf2 Rd4+ 49.Kf5 Rxh4
50.Rxf3 Kd6 51.Rd3+ Kc6 52.Rf3 Rh2 53.Kf6 Rg2 54.Rf5 h4 55.Kxf7 h3 56.g6 h2
57.Rh5 Kd7 58.g7 Rf2+ 59.Kg6  1-0

[Event "Moscow Open Women 2012"]
[Site "Moscow RUS"]
[Date "2012.01.31"]
[Round "4.29"]
[White "Blokhina,E"]
[Black "Zhai Mo"]
[Result "0-1"]
[WhiteElo "2006"]
[BlackElo "2191"]

1.d4 Nf6 2.c4 e6 3.Nc3 Bb4 4.Qc2 O-O 5.Bg5 h6 6.Bh4 c5 7.dxc5 Na6 8.a3 Bxc3+
9.Qxc3 g5 10.Bg3 Ne4 11.Qc1 Naxc5 12.Qc2 f5 13.f3 Nxg3 14.hxg3 Qf6 15.O-O-O d5
16.cxd5 Bd7 17.Qc3 Ba4 18.Qxf6 Rxf6 19.Re1 exd5 20.b4 Nb3+ 21.Kb2 Nd2 22.e3 Nxf1
23.Rxf1 Rc8 24.Rc1 Rxc1 25.Kxc1 Rc6+ 26.Kb1 Rc2 27.Rxh6 Rxg2 28.Nh3 Rxg3
29.Rh5 g4 30.fxg4 fxg4 31.Nf4 Rg1+ 32.Kb2 g3 33.Kc3 Kf7 34.Rh7+ Kf6 35.Nxd5+ Ke5
36.Nf4 Bc6 37.Rg7 g2 38.Kb2 Rf1 39.Nh3 Rh1 40.Rg5+ Kf6  0-1

[Event "ch-TUR 2012"]
[Site "Kemer TUR"]
[Date "2012.02.01"]
[Round "6"]
[White "Burcu,C"]
[Black "Ulker,A"]
[Result "1-0"]
[WhiteElo "1931"]
[BlackElo "2101"]

1.d4 Nf6 2.c4 e6 3.Nc3 Bb4 4.Qc2 O-O 5.a3 Bxc3+ 6.Qxc3 h6 7.g4 d5 8.Bg2 c6
9.g5 hxg5 10.Bxg5 Ne4 11.Bxe4 Qxg5 12.Nf3 Qh6 13.Bc2 Nd7 14.Rg1 Nf6 15.e3 Qh5
16.Rg3 Ne4 17.Bxe4 dxe4 18.Ne5 f6 19.Ng6 Rf7 20.Qc2 e5 21.dxe5 fxe5 22.Qd1 Qxd1+
23.Rxd1 Be6 24.Rg5 Bxc4 25.Rh5 Rf6 26.Rh8+ Kf7 27.Nxe5+ Ke6 28.Rxa8 Kxe5
29.Rxa7 Ba6 30.Ra8 Rg6 31.Re8+ Kf5 32.Rd7 Rg2 33.Rf7+ Kg6 34.Ree7 Rxh2 35.Rxg7+ Kf6
36.Rgf7+ Kg6 37.Rf4 Rh1+ 38.Kd2 Rb1 39.Re8 Rxb2+ 40.Kc1  1-0

[Event "Moscow Open 2012 A"]
[Site "Moscow RUS"]
[Date "2012.02.02"]
[Round "6.62"]
[White "Palachev,P"]
[Black "Akshayraj,K"]
[Result "0-1"]
[WhiteElo "2287"]
[BlackElo "2386"]

1.d4 Nf6 2.c4 e6 3.Nc3 Bb4 4.Qc2 O-O 5.a3 Bxc3+ 6.Qxc3 d5 7.Bg5 dxc4 8.Qxc4 b6
9.Nf3 Ba6 10.Qa4 c5 11.e3 Bxf1 12.Rxf1 h6 13.Bh4 Nbd7 14.O-O-O b5 15.Qxb5 Rb8
16.Bxf6 Nxf6 17.Qc4 Qa5 18.Rd2 cxd4 19.Rc2 dxe3 20.fxe3 Nd5 21.Re1 Rfd8 22.e4 Nb4
23.Rc3 Nd3+ 24.Rxd3 Rdc8 25.Qxc8+ Rxc8+ 26.Kb1 Qb5 27.Rd2 e5 28.Rd5 Qb3 29.Rd2 Rc5
30.Red1 Kh7 31.Re1 a6 32.Red1 f6 33.Re1 Rc4 34.h3 h5 35.Ree2 Qb7 36.Rd6 Rxe4
37.Red2 Rc4 38.Ka2 Rc1 39.R6d5 e4 40.Nh4 Qf7  0-1

[Event "Moscow Open Women 2012"]
[Site "Moscow RUS"]
[Date "2012.02.02"]
[Round "6.15"]
[White "Shulakova,S"]
[Black "Nakhbayeva,G"]
[Result "0-1"]
[WhiteElo "2099"]
[BlackElo "2284"]

1.d4 Nf6 2.c4 e6 3.Nc3 Bb4 4.Qc2 O-O 5.a3 Bxc3+ 6.Qxc3 b6 7.Bg5 c5 8.dxc5 bxc5
9.e3 d6 10.Rd1 Nbd7 11.Bd3 Qb6 12.Ne2 Rb8 13.Rd2 Bb7 14.O-O Rfe8 15.f3 d5
16.Rfd1 h6 17.Bh4 e5 18.Bf5 d4 19.Qc2 a5 20.Bg3 Rbd8 21.Bf2 e4 22.Ng3 dxe3
23.Bxe3 exf3 24.Rd6 Bc6 25.Qd2 fxg2 26.Bf4 a4 27.Bh3 Qb7 28.Nf5 Qb3 29.Bxg2 Bf3
30.Bxf3 Qxf3 31.Qg2 Qxg2+ 32.Kxg2 Re2+ 33.Kf1 Rxb2 34.Nxh6+ gxh6 35.Rxf6 Nxf6
36.Rxd8+ Kh7 37.Be5 Rb1+ 38.Kg2 Ng4 39.Bf4 Rb3 40.Rd5 Rxa3 41.Rxc5 Rc3 42.Rc7 Kg6
43.c5 Rc2+ 44.Kh3 Nf2+ 45.Kg3 Ne4+ 46.Kf3 Nxc5 47.Be3 Nd3 48.Ra7 Rc5 49.Ra6+ f6
50.Ke2  0-1

[Event "Moscow Open Women 2012"]
[Site "Moscow RUS"]
[Date "2012.02.02"]
[Round "6.32"]
[White "Blokhina,E"]
[Black "Krasenkova,I"]
[Result "0-1"]
[WhiteElo "2006"]
[BlackElo "2131"]

1.d4 Nf6 2.c4 e6 3.Nc3 Bb4 4.Qc2 O-O 5.e3 d5 6.Nf3 c5 7.a3 Bxc3+ 8.bxc3 Nc6
9.Bd3 Bd7 10.O-O dxc4 11.Bxc4 Na5 12.Ba2 Rc8 13.dxc5 Qc7 14.Bb2 Qxc5 15.c4 Bc6
16.Bd4 Qh5 17.Nd2 b6 18.f3 e5 19.Bc3 Nb7 20.e4 Nc5 21.Rae1 Rfd8 22.Re3 Qg5
23.Rfe1 Ba4 24.Qb1 Nh5 25.Nf1 Nf4 26.g3 Nfe6 27.h4 Qh5 28.g4 Qxh4 29.Bxe5 Qg5
30.Bg3  0-1

[Event "ch-TUR w 2012"]
[Site "Kemer TUR"]
[Date "2012.02.03"]
[Round "9"]
[White "Simsek,M"]
[Black "Arda,Cagil Irmak"]
[Result "1/2-1/2"]
[WhiteElo "1748"]
[BlackElo "1576"]

1.d4 Nf6 2.c4 e6 3.Nc3 Bb4 4.Qc2 O-O 5.Bg5 d5 6.cxd5 exd5 7.e3 Be6 8.Bd3 h6
9.Bxf6 Qxf6 10.Nf3 Nd7 11.Qb3 Bxc3+ 12.Qxc3 Rac8 13.O-O c5 14.Rac1 c4 15.Bb1 Bf5
16.Bxf5 Qxf5 17.Qc2 Qxc2 18.Rxc2 Rc6 19.Rd1 Ra6 20.a3 Nb6 21.Ne5 f6 22.Ng6 Re8
23.Nf4 g5 24.Ne2 Na4 25.h3 Rb6 26.Rdd2 Rc6 27.Nc3 Nxc3 28.bxc3 Ra6 29.Ra2 Ree6
30.a4 Reb6 31.Kf1 Rb3 32.Rdc2 Kf7 33.Ke2 Ke6 34.Kf3 f5 35.Ke2 h5 36.Kf3 Kf6
37.Kg3 h4+ 38.Kf3 Kg6 39.g3 Kf6 40.Kg2  1/2-1/2

[Event "Moscow Open Women 2012"]
[Site "Moscow RUS"]
[Date "2012.02.03"]
[Round "7.34"]
[White "Skakun,V"]
[Black "Borisova,E"]
[Result "0-1"]
[WhiteElo "1937"]
[BlackElo "2219"]

1.d4 Nf6 2.c4 e6 3.Nc3 Bb4 4.Qc2 O-O 5.a3 Bxc3+ 6.Qxc3 d6 7.Nf3 Nbd7 8.e3 b6
9.Bd3 Bb7 10.b4 e5 11.Be2 Ne4 12.Qc2 Ng5 13.d5 Nxf3+ 14.Bxf3 f5 15.e4 f4
16.a4 a5 17.b5 Nf6 18.Bd2 Bc8 19.h3 Qe8 20.O-O-O Qg6 21.Rdg1 Nd7 22.g3 Qe8
23.Bc3 Nc5 24.Kd1 Bd7 25.Rg2 Qe7 26.gxf4 Rxf4 27.Bd2 Qf6 28.Bxf4 Qxf4  0-1

[Event "11th Aeroflot Open B"]
[Site "Moscow RUS"]
[Date "2012.02.09"]
[Round "3"]
[White "Mozharov,M"]
[Black "Zenzera,A"]
[Result "1-0"]
[WhiteElo "2478"]
[BlackElo "2337"]

1.d4 Nf6 2.c4 e6 3.Nc3 Bb4 4.Qc2 O-O 5.e4 d6 6.Bd3 Nc6 7.Ne2 Ba5 8.Bg5 h6
9.Bh4 e5 10.O-O-O Nxd4 11.Nxd4 exd4 12.Nd5 g5 13.Bg3 Nxd5 14.exd5 Qf6 15.f4 c6
16.fxg5 Qxg5+ 17.Kb1 cxd5 18.Bxd6 dxc4 19.Bh7+ Kg7 20.Bxf8+ Kxf8 21.Rxd4 Be6
22.Rf1 Bb6 23.Rdd1 Rd8 24.Rxd8+ Bxd8 25.Bf5 Bd5 26.Rd1 Bxg2 27.Be4 Bxe4 28.Qxe4 Bf6
29.Qxc4 b5 30.Qd5 Qg6+ 31.Ka1 a6 32.Qc5+ Be7 33.Qc1 Bg5 34.Qc8+ Kg7 35.Rg1 Qh5
36.Qc7 Qh4 37.Qc3+ Kg8 38.Rf1 Qe4 39.Rg1 Qh4 40.Qg3 Kf8 41.Qxh4 Bxh4 42.Kb1 a5
43.Rd1 b4 44.Rd5 a4 45.Ra5 Be7 46.Rxa4 Kg7 47.Ra6 f6 48.Ra7 Kf7 49.Kc2 Ke6
50.Kd3  1-0

[Event "TCh-CAT 2012"]
[Site "Catalunya ESP"]
[Date "2012.02.11"]
[Round "3.3"]
[White "Cruz,Cr"]
[Black "Baches Garcia,G"]
[Result "1-0"]
[WhiteElo "2508"]
[BlackElo "2379"]

1.d4 Nf6 2.c4 e6 3.Nc3 Bb4 4.Qc2 O-O 5.a3 Bxc3+ 6.Qxc3 d5 7.Bg5 dxc4 8.Qxc4 b6
9.Rd1 Ba6 10.Qa4 Qd7 11.Qc2 Qc6 12.Qxc6 Nxc6 13.Bxf6 gxf6 14.Nf3 Rfd8 15.Rc1 Bb7
16.e3 Rac8 17.Bb5 Ne7 18.Ke2 c6 19.Bd3 Rd7 20.Rc3 Rdc7 21.Rhc1 f5 22.R3c2 Nd5
23.b4 Kf8 24.g3 Ke7 25.Ne5 Nf6 26.f3 Nd7 27.Nc4 c5 28.bxc5 bxc5 29.Na5 Ba8
30.Nb3 Rb8 31.Nxc5 Nxc5 32.Rxc5 Rxc5 33.Rxc5 Rb3 34.e4 fxe4 35.fxe4 Kf6 36.Ra5 Rb7
37.Ke3 Rd7 38.Rc5 Bb7 39.a4 h6 40.a5 a6 41.Rc2 Ke7 42.Rb2 Bc8 43.Rb8 Rc7
44.d5 Rc1 45.Kd4 Bd7 46.Rb6 Rd1 47.d6+ Kf6 48.e5+ Kg5 49.Rb7 Bc6 50.d7  1-0

[Event "TCh-LTU 2012"]
[Site "Lithuania LTU"]
[Date "2012.02.12"]
[Round "5"]
[White "Stremavicius,T"]
[Black "Godlauskas,K"]
[Result "1-0"]
[WhiteElo "2184"]
[BlackElo "2259"]

1.d4 Nf6 2.c4 e6 3.Nc3 Bb4 4.Qc2 O-O 5.a3 Bxc3+ 6.Qxc3 Qe8 7.f3 d6 8.e3 e5
9.d5 a5 10.b3 c6 11.e4 cxd5 12.cxd5 Bd7 13.Be3 Bb5 14.Ne2 a4 15.b4 Na6 16.Ng3 Rc8
17.Qd2 Bxf1 18.Rxf1 Qd7 19.Kf2 Ne8 20.Rfc1 Nec7 21.Qd1 g6 22.Bh6 Rfe8 23.Rc3 Na8
24.Rac1 Rxc3 25.Rxc3 f6 26.Be3 N8c7 27.Rc1 Rf8 28.Bh6 Ra8 29.Qc2 Nb5 30.Qxa4 Nac7
31.Rxc7  1-0

[Event "ch-ROU Women 2012"]
[Site "Sarata Monteoru ROU"]
[Date "2012.02.13"]
[Round "1.7"]
[White "Cusmuliuc,D"]
[Black "Padurariu,I"]
[Result "0-1"]
[WhiteElo "1745"]
[BlackElo "2247"]

1.d4 Nf6 2.c4 e6 3.Nc3 Bb4 4.Qc2 O-O 5.Bg5 h6 6.Bh4 b6 7.Nf3 Bb7 8.e3 d5
9.cxd5 exd5 10.Bd3 Nbd7 11.Ne5 Be7 12.O-O c5 13.f4 Rc8 14.Rae1 a6 15.a4 Re8
16.Qe2 c4 17.Bf5 Rc7 18.Qf3 Nf8 19.g4 Ne4 20.Bxe7 Rexe7 21.Re2 g6 22.Bxe4 dxe4
23.Qh3 f6 24.Nxg6 Nxg6 25.Qxh6 Rg7 26.Rg2 Rcf7 27.f5 Nf8 28.Qf4 Rh7 29.Rff2 Rh3
30.g5 fxg5 31.Rxg5+ Qxg5+ 32.Rg2 Qxg2+ 33.Kxg2 Rf3 34.Qh6 Rg7+  0-1

[Event "e2e4 Brighton Masters"]
[Site "Brighton ENG"]
[Date "2012.02.16"]
[Round "2"]
[White "Sowray,P"]
[Black "Croad,N"]
[Result "0-1"]
[WhiteElo "2367"]
[BlackElo "2307"]

1.d4 Nf6 2.c4 e6 3.Nc3 Bb4 4.Qc2 O-O 5.a3 Bxc3+ 6.Qxc3 d6 7.Nf3 b6 8.Bg5 Nbd7
9.e3 Ba6 10.Bd3 c5 11.d5 exd5 12.cxd5 Bxd3 13.Qxd3 Qe7 14.Rd1 Rfe8 15.O-O a6
16.a4 Qe4 17.Qb3 Rab8 18.Bf4 Qe7 19.Qd3 b5 20.b3 Ne4 21.axb5 Rxb5 22.Ra1 Reb8
23.Ra3 Ndf6 24.Nh4 g5 25.Nf5 Qd7 26.Ng3 Nxg3 27.Bxg3 R8b6 28.f4 Nh5 29.Be1 gxf4
30.exf4 Qg4 31.Qe3 Rb8 32.Bc3 Ng7 33.Re1 h5 34.Rxa6 Nf5 35.Qe4 Rxb3 36.h3 Qg3
37.Bf6 Re3 38.Rxe3 Nxe3 39.Ra1 Qg6 40.Qxe3 Qxf6 41.Ra7 Rb4 42.Ra8+ Kg7 43.Qg3+ Qg6
44.Qc3+ Rd4 45.Ra4 Qd3 46.Qb2 Qd1+  0-1

[Event "ch-ROU Men 2012"]
[Site "Sarata Monteoru ROU"]
[Date "2012.02.20"]
[Round "10.18"]
[White "Parligras,M"]
[Black "Dumitrascu,C"]
[Result "1-0"]
[WhiteElo "2650"]
[BlackElo "2086"]

1.d4 e6 2.c4 Nf6 3.Nc3 Bb4 4.Qc2 O-O 5.e4 d5 6.e5 Ne4 7.Bd3 c5 8.Ne2 f5 9.exf6 Qxf6
10.O-O cxd4 11.Nxe4 dxe4 12.Bxe4 Bd6 13.Bxh7+ Kh8 14.Be4 Nc6 15.Qd3 e5 16.Qg3 Be7
17.f4 Be6 18.b3 Rad8 19.Bb2 d3 20.Bxd3 exf4 21.Nxf4 Qxb2 22.Nxe6  1-0

[Event "16th Metropolitan IM"]
[Site "Los Angeles USA"]
[Date "2012.02.23"]
[Round "2"]
[White "Remlinger,L"]
[Black "Kavutskiy,K"]
[Result "1/2-1/2"]
[WhiteElo "2402"]
[BlackElo "2315"]

1.d4 Nf6 2.c4 e6 3.Nc3 Bb4 4.Qc2 O-O 5.a3 Bxc3+ 6.Qxc3 d5 7.Nf3 dxc4 8.Qxc4 b6
9.Bg5 Ba6 10.Qa4 c5 11.dxc5 bxc5 12.Rc1 Qb6 13.Bxf6 gxf6 14.Rc2 Nc6 15.e3 Bxf1
16.Rxf1 a5 17.Ke2 Rad8 18.Rfc1 Rd5 19.Qg4+ Kh8 20.Qh4 Kg7 21.Qg3+ Kh8 22.Qh4 Kg7
23.Qg3+  1/2-1/2

[Event "ch-POL 2012"]
[Site "Warsaw POL"]
[Date "2012.02.25"]
[Round "8"]
[White "Mista,A"]
[Black "Jaracz,P"]
[Result "1/2-1/2"]
[WhiteElo "2587"]
[BlackElo "2542"]

1.d4 Nf6 2.c4 e6 3.Nc3 Bb4 4.Qc2 O-O 5.a3 Bxc3+ 6.Qxc3 d6 7.Bg5 Nbd7 8.e3 b6
9.Ne2 c5 10.Rd1 Qc7 11.f3 Ba6 12.e4 Rfe8 13.Kf2 h6 14.Bxf6 Nxf6 15.d5 exd5
16.exd5 b5 17.Qc2 bxc4 18.Nc3 Rab8 19.Be2 Qb7 20.Rd2 Qe7 21.g3 Nd7 22.f4 Nf6
23.Bf3 Qe3+ 24.Kg2 Bc8 25.Rf2 g6 26.Nd1 Qd3 27.Rd2 Qb3 28.Nc3 Qxc2 29.Rxc2 Bf5
30.Rd2 Ne4 31.Nxe4 Bxe4 32.Rc1 Rb3 33.Bxe4 Rxe4 34.Kf2 Rd4 35.Rxd4 cxd4 36.Rxc4 Rxb2+
37.Kf3 f5 38.Rc8+ Kf7 39.Rc7+ Kf6 40.Rd7 Rxh2 41.Rxd6+ Kf7 42.Rd7+ Kf6 43.Rd6+ Kf7
44.Rd7+ Kf6  1/2-1/2

[Event "ch-Moscow S/F 2012"]
[Site "Moscow RUS"]
[Date "2012.02.28"]
[Round "3"]
[White "Koshevoy,S"]
[Black "Tilicheev,V"]
[Result "0-1"]
[WhiteElo "2258"]
[BlackElo "2373"]

1.d4 Nf6 2.c4 e6 3.Nc3 Bb4 4.Qc2 O-O 5.a3 Bxc3+ 6.Qxc3 b5 7.cxb5 c6 8.bxc6 Nxc6
9.b4 Bb7 10.Nf3 Rc8 11.Qb2 Ne7 12.e3 Be4 13.Qb3 Ned5 14.Bd2 Qb6 15.Bd3 Nc3
16.Bxe4 Nfxe4 17.Bxc3 Rxc3 18.Qa4 Qc7 19.O-O f5 20.Qa6 f4 21.Qe2 Rc2 22.Qd3 d5
23.Ne5 Ng5 24.exf4 Rc3 25.Qd2 Ne4 26.Qe2 Rxf4 27.Nd3 Rf6 28.Nc5 Rh6 29.f4 Nd6
30.Nxe6 Qe7 31.Qe1 Rc2 32.Ng5 Re2 33.Qc3 Rg6 34.Rae1 h6 35.Rxe2 Qxe2 36.Re1 Qg4
37.Qf3 Qf5 38.g4 Rxg5 39.Re5 Qxg4+ 40.Qxg4 Rxg4+  0-1

[Event "TCh-ISR 2011-12"]
[Site "Israel ISR"]
[Date "2012.03.02"]
[Round "11.1"]
[White "Gershon,A"]
[Black "Roiz,M"]
[Result "1/2-1/2"]
[WhiteElo "2499"]
[BlackElo "2651"]

1.d4 Nf6 2.c4 e6 3.Nc3 Bb4 4.Qc2 O-O 5.a3 Bxc3+ 6.Qxc3 d6 7.Bg5 Nbd7 8.e3 b6
9.Bd3 c5 10.Ne2 Ba6 11.O-O  1/2-1/2

[Event "TCh-CZE Extraliga 2011-12"]
[Site "Czech Republic CZE"]
[Date "2012.03.03"]
[Round "7.8"]
[White "Londyn,R"]
[Black "Vlasak,Lu"]
[Result "1/2-1/2"]
[WhiteElo "2373"]
[BlackElo "2319"]

1.d4 Nf6 2.c4 e6 3.Nc3 Bb4 4.Qc2 O-O 5.a3 Bxc3+ 6.Qxc3 b5 7.cxb5 c6 8.Bg5 cxb5
9.e3 a6 10.Rc1 Bb7 11.Nf3 h6 12.Bh4 Nc6 13.Be2 Rc8 14.O-O d6 15.Rfd1 Nb8
16.Qe1 Nbd7 17.Rxc8 Qxc8 18.Rc1 Qb8 19.Nd2 Rc8 20.f3 e5 21.dxe5 dxe5 22.e4 Qd6
23.Rxc8+ Bxc8 24.Qc1 Nb6 25.Bf2 Be6 26.Qc3 Nfd7 27.Be3 f6 28.b4 Kf7 29.Kf2 Qb8
30.h4 Qc8 31.Qd3 Qc7 32.h5 Na4 33.Nf1 Nb2 34.Qd2 Nc4 35.Qc3 Qd6  1/2-1/2

[Event "2nd HD Bank Cup 2012"]
[Site "Ho Chi Minh City VIE"]
[Date "2012.03.04"]
[Round "4.6"]
[White "Olay,E"]
[Black "Xiu Deshun"]
[Result "0-1"]
[WhiteElo "2361"]
[BlackElo "2492"]

1.d4 Nf6 2.c4 e6 3.Nc3 Bb4 4.Qc2 O-O 5.Nf3 c5 6.dxc5 Na6 7.c6 d5 8.a3 Bxc3+
9.Qxc3 Ne4 10.Qc2 bxc6 11.g3 e5 12.Nxe5 Bf5 13.g4 Qh4 14.Be3 Bxg4 15.Nxc6 Be6
16.Bg2 Rfc8 17.Na5 Nd6 18.b3 d4 19.Bc1 Rab8 20.Qd2 Nc5 21.b4 Nxc4 22.Nxc4 Nb3
23.Qf4 Qxf4 24.Bxf4 Nxa1 25.Bxb8 Rxb8 26.Kd2 Nb3+ 27.Kd3 Rc8 28.Nd6 Rc3+
29.Ke4 Kf8 30.Nb5 Rc2 31.Bf3 g5 32.Nxd4 Nxd4 33.Kxd4 g4 34.Bc6 Rxc6  0-1

[Event "10th Khazar Cup"]
[Site "Rasht IRI"]
[Date "2012.03.04"]
[Round "6"]
[White "Alavi,S"]
[Black "Moosavian,S"]
[Result "1/2-1/2"]
[WhiteElo "2443"]
[BlackElo "2343"]

1.d4 e6 2.c4 Nf6 3.Nc3 Bb4 4.Qc2 O-O 5.a3 Bxc3+ 6.Qxc3 Ne4 7.Qc2 f5 8.Nh3 d6
9.f3 Nf6 10.e3 e5 11.dxe5 dxe5 12.Be2 Nc6 13.O-O a5 14.b3 f4 15.Rd1 Qe7 16.Nf2 Nh5
17.Bd3 g6 18.Be4 Ra6 19.Qc3 Nd8 20.Rd5 Nf7 21.Rxa5 Rxa5 22.Qxa5 c6 23.Bd2 Rd8
24.Re1 Be6 25.Bc1 fxe3 26.Bxe3 Nf4 27.Qc5 Qxc5 28.Bxc5 Rd2 29.Bb4 Rb2 30.Rb1 Ra2
31.h4 Bf5 32.Bxf5 gxf5 33.Kf1 Ne2 34.Re1 Ng3+ 35.Kg1 Ne2+ 36.Kh2 Nd4 37.Kg1 Nxb3
38.Nd3 Nd4 39.Kf1 Nc2 40.Re2 Ra1+ 41.Kf2 Nxb4 42.axb4 Rb1  1/2-1/2

[Event "2nd HD Bank Cup 2012"]
[Site "Ho Chi Minh City VIE"]
[Date "2012.03.06"]
[Round "8.35"]
[White "Tran Ngoc Thach"]
[Black "Tran,Q"]
[Result "1-0"]
[WhiteElo "2212"]
[BlackElo "2025"]

1.d4 Nf6 2.c4 e6 3.Nc3 Bb4 4.Qc2 O-O 5.a3 Bxc3+ 6.Qxc3 b6 7.Bg5 Bb7 8.f3 d5
9.e3 Nbd7 10.Nh3 h6 11.Bh4 c5 12.cxd5 exd5 13.Bb5 Qc8 14.dxc5 bxc5 15.O-O Ba6
16.Bxa6 Qxa6 17.Rfd1 g5 18.Bg3 Qe6 19.Nf2 Nh5 20.b4 Nxg3 21.hxg3 Rac8 22.e4 d4
23.Qb2 Rb8 24.Qa2 a5 25.bxc5 Nxc5 26.Rab1 Nb3 27.Qe2 Rfc8 28.f4 Kg7 29.f5 Qb6
30.e5 d3 31.f6+ Kf8 32.Qxd3 Kg8 33.Qe2 Qc5 34.Qh5 Nd4 35.Rxb8 Rxb8 36.Rxd4 Qxd4
37.Qxh6 Rb1+ 38.Kh2 Qxf2 39.Qg7+  1-0

[Event "Zagreb Open A"]
[Site "Zagreb CRO"]
[Date "2012.03.08"]
[Round "4.1"]
[White "Palac,M"]
[Black "Brkic,A"]
[Result "1/2-1/2"]
[WhiteElo "2593"]
[BlackElo "2587"]

1.d4 Nf6 2.c4 e6 3.Nc3 Bb4 4.Qc2 O-O 5.a3 Bxc3+ 6.Qxc3 d5 7.Nf3 dxc4 8.Qxc4 b6
9.Bf4 Ba6 10.Qxc7 Qxc7 11.Bxc7 Rc8 12.Bf4 Nbd7  1/2-1/2

[Event "TCh-SVK Extraliga 2011-12"]
[Site "Slovakia SVK"]
[Date "2012.03.09"]
[Round "9.1"]
[White "Neuman,P"]
[Black "Babula,V"]
[Result "1/2-1/2"]
[WhiteElo "2463"]
[BlackElo "2572"]

1.d4 Nf6 2.c4 e6 3.Nc3 Bb4 4.Qc2 O-O 5.a3 Bxc3+ 6.Qxc3 d6 7.Bg5 Re8 8.e3 e5
9.dxe5 dxe5 10.Qc2 h6 11.Bh4 Nc6 12.Ne2 Bg4 13.f3 Bh5 14.Rd1 Qe7 15.Bxf6 Qxf6
16.Ng3 Bg6 17.Bd3 Bxd3 18.Rxd3 Rad8 19.Rxd8 Rxd8 20.Ke2 Qe6 21.Rd1 Rxd1 22.Kxd1 Na5
23.c5 Qc4 24.Ne2 g6 25.e4 h5 26.h4 Kf8 27.b4 Qxc2+ 28.Kxc2 Nc4 29.Kb3 Ne3
30.g3 f5 31.Kc3 fxe4 32.fxe4 c6 33.Kd3 Nf1 34.Ng1 Ke7 35.Nf3 Ke6 36.Ng5+ Ke7
37.Ke2 Nh2  1/2-1/2

[Event "ch-Moscow Final 2012"]
[Site "Moscow RUS"]
[Date "2012.03.10"]
[Round "1"]
[White "Gordievsky,D"]
[Black "Korotylev,A"]
[Result "1/2-1/2"]
[WhiteElo "2397"]
[BlackElo "2574"]

1.d4 Nf6 2.c4 e6 3.Nc3 Bb4 4.Qc2 O-O 5.a3 Bxc3+ 6.Qxc3 d6 7.Nf3 b6 8.e3 Bb7
9.Be2 Nbd7 10.O-O Ne4 11.Qc2 f5 12.b4 Rf6 13.d5 Rg6 14.Nd4 Qg5 15.g3 Ne5
16.Nf3 Qh6 17.Nxe5 dxe5 18.Bb2 Qh3 19.Bxe5 Rh6 20.g4 Ng5 21.Bg3 fxg4 22.Qd1 Rh4
23.f4 gxf3 24.Bxf3 Rxc4 25.e4 exd5 26.Bg2 Qd7 27.exd5 Ne4 28.Qd3 Qxd5 29.Bxe4 Qxe4
30.Qxe4 Bxe4 31.Rac1 Rxc1 32.Rxc1 c6 33.Rd1 Bf5 34.Rc1 Rc8 35.Bf2 Kf7 36.a4 Rd8
37.a5 bxa5 38.bxa5 Rd5 39.Bxa7 Rxa5 40.Bb6 Ra2 41.Rxc6 g5 42.Rc1 Be4 43.Bc7 h5
44.Re1 Ra4 45.Re2 h4 46.Kf2 Kg6 47.Rb2 Kh5 48.Bd6 Ra6 49.Be5 Kg4 50.Ke3 Bc6
51.Rb1 Ra3+ 52.Kd4 Kh3 53.Rc1 Bf3 54.Rc2 g4 55.Rc8 Ra4+ 56.Kc3 Re4 57.Bb8 Ra4
58.Be5 Ra5 59.Bd6 Ra6 60.Be5 Re6 61.Bf4 g3 62.hxg3 hxg3 63.Bxg3 Kxg3 64.Rd8 Kf4
65.Rd4+ Be4 66.Rc4 Ke3 67.Rc5 Rb6 68.Rc4 Bd5 69.Rc5 Ke4 70.Rc7 Rb3+ 71.Kd2 Kd4
72.Rc2 Rh3 73.Rb2 Bb3 74.Ke1 Rh1+ 75.Kd2 Bc4 76.Rc2 Bd3 77.Rb2 Rh3 78.Rb4+ Kc5
79.Rf4 Kd5 80.Rf2 Kd4 81.Rf4+ Be4 82.Rf2 Ra3 83.Re2 Bf3 84.Rf2 Rb3 85.Kc2 Re3
86.Rd2+ Kc4 87.Rf2 Be4+ 88.Kd2 Kd4 89.Re2 Rh3 90.Rf2 Bf3 91.Kc1 Ke3 92.Rc2 Be4
93.Rc3+ Bd3 94.Kb2 Rh1 95.Ka3 Kd4 96.Kb4 Rh8 97.Rb3 Bc2 98.Rb2 Rc8 99.Ka5 Bd3
100.Kb4 Ra8 101.Rb3 Ra4+ 102.Kxa4 Bc2 103.Kb4 Bxb3 104.Kxb3 Ke5  1/2-1/2

[Event "TCh-NED Meesterklasse 2011-12"]
[Site "Netherlands NED"]
[Date "2012.03.10"]
[Round "7.2"]
[White "De Jong,JW"]
[Black "Ernst,S"]
[Result "1-0"]
[WhiteElo "2424"]
[BlackElo "2581"]

1.d4 Nf6 2.c4 e6 3.Nc3 Bb4 4.Qc2 O-O 5.a3 Bxc3+ 6.Qxc3 d6 7.f3 a5 8.e4 e5
9.dxe5 dxe5 10.Be3 Qe7 11.c5 Rd8 12.Bc4 Be6 13.Ne2 Nbd7 14.Bxe6 Qxe6 15.Kf2 b6
16.cxb6 cxb6 17.Rac1 Nc5 18.Bxc5 bxc5 19.Rhd1 Rdb8 20.Rd2 Rb5 21.Qc4 Qb6
22.Rcc2 a4 23.Kf1 Rba5 24.Nc3 h5 25.Nd5 Qd8 26.Ne3 Qc7 27.Nd5 Qd8 28.Qc3 Qb8
29.Kf2 Kh7 30.Nxf6+ gxf6 31.Rd1 Kg6 32.Rcd2 R5a7 33.Rd6 Kg7 34.f4 Re7 35.Qg3+ Kh7
36.Qh4 Qg8 37.Qxh5+ Kg7 38.Qg4+ Kh7 39.Qh4+  1-0

[Event "TCh-HUN 2011-12"]
[Site "Nagykanizsa HUN"]
[Date "2012.03.11"]
[Round "7"]
[White "Aczel,G"]
[Black "Hera,I"]
[Result "1/2-1/2"]
[WhiteElo "2424"]
[BlackElo "2533"]

1.d4 Nf6 2.c4 e6 3.Nc3 Bb4 4.Qc2 O-O 5.a3 Bxc3+ 6.Qxc3 d5 7.Nf3 dxc4 8.Qxc4 b6
9.Bg5 Ba6 10.Qa4 c5 11.dxc5 bxc5 12.Rc1  1/2-1/2

[Event "Zagreb Open A"]
[Site "Zagreb CRO"]
[Date "2012.03.12"]
[Round "9.17"]
[White "Matko,O"]
[Black "Sertic,Ru"]
[Result "0-1"]
[WhiteElo "2262"]
[BlackElo "2396"]

1.d4 Nf6 2.c4 e6 3.Nc3 Bb4 4.Qc2 O-O 5.a3 Bxc3+ 6.Qxc3 Ne4 7.Qc2 d5 8.Nf3 b6
9.e3 c5 10.Bd3 f5 11.b3 Nd7 12.Bb2 Bb7 13.O-O Rc8 14.Rac1 Qe7 15.Qe2 Nd6
16.Rfd1 dxc4 17.bxc4 Rc7 18.Rc2 Rfc8 19.Rdc1 Bc6 20.Ne5 Ba4 21.Rd2 Nf6 22.f3 cxd4
23.exd4 b5 24.c5 a6 25.Re1 Nf7 26.Nxf7 Kxf7 27.Qf2 Qd7 28.Qe3 Nd5 29.Qe5 Rc6
30.g4 g6 31.gxf5 exf5 32.Rde2 Bb3 33.Qg3 Bc4 34.Qh4 h5 35.Bxc4 bxc4 36.Bc1 Kg8
37.Kh1 Nc7 38.Re7 Qd5 39.Qf4 Re6 40.Re5 Rxe5 41.Rxe5 Qf7 42.d5 Nxd5 43.Qxc4 Nc7
44.Qd3 Re8 45.Bb2 Rxe5 46.Bxe5 Qd5 47.Qxd5+ Nxd5 48.Kg2 Kf7 49.Kf2 Ke6 50.Bg7 Nc7
51.Ke3 Kd5 52.Bf8 Ne6 53.Be7 a5 54.h4 Nxc5 55.Bxc5 Kxc5 56.Kd3 Kd5 57.a4 f4
58.Kc2 Kc4 59.Kd2 Kd4 60.Ke2 Kc3  0-1

[Event "European Ind w Rapid 2012"]
[Site "Gaziantep TUR"]
[Date "2012.03.15"]
[Round "1"]
[White "Charochkina,D"]
[Black "Kosintseva,N"]
[Result "0-1"]
[WhiteElo "2371"]
[BlackElo "2535"]

1.d4 Nf6 2.c4 e6 3.Nc3 Bb4 4.Qc2 O-O 5.a3 Bxc3+ 6.Qxc3 d5 7.Bg5 c5 8.dxc5 d4
9.Qc2 e5 10.e3 h6 11.Bh4 Qe7 12.O-O-O dxe3 13.Rd6 Nbd7 14.fxe3 Nxc5 15.Rd1 Bd7
16.Qc3 Ba4 17.Re1 Nce4 18.Qa5 Bc6 19.Nf3 Rfe8 20.Be2 b6 21.Qb4 Qe6 22.Rd1 Nc5
23.Bxf6 Qxf6 24.Rhf1 Qg6 25.Nh4 Qg5 26.Nf5 Rad8 27.Rxd8 Rxd8 28.h4 Qxg2 29.Re1 Qxe2
30.Ne7+ Kf8 31.Nxc6 Qxe1+ 32.Qxe1 Nd3+ 33.Kd2 Nxe1+ 34.Nxd8 Nf3+ 35.Ke2 Nxh4
36.Nc6 Nf5 37.Nxa7 Nd6 38.b3 h5 39.Nc6 f6 40.a4 Ke8 41.a5 Kd7 42.Nb8+ Kc8
43.Nc6 Kc7 44.Ne7 bxa5 45.Nd5+ Kc6 46.Nc3 Kc5 47.Na4+ Kb4 48.c5 Nb5 49.c6 Kxb3
50.Nc5+ Kc4  0-1

[Event "ch-URU 2012"]
[Site "Montevideo URU"]
[Date "2012.03.17"]
[Round "10"]
[White "Roselli Mailhe,B"]
[Black "Ulaneo,N"]
[Result "0-1"]
[WhiteElo "2423"]
[BlackElo "2146"]

1.d4 Nf6 2.c4 e6 3.Nc3 Bb4 4.Qc2 O-O 5.a3 Bxc3+ 6.Qxc3 b6 7.Bg5 Bb7 8.f3 c5
9.e3 Nc6 10.Nh3 h6 11.Bh4 cxd4 12.exd4 Ne4 13.Bxd8 Nxc3 14.Bxb6 axb6 15.bxc3 Ra4
16.Rb1 Rfa8 17.c5 Rxa3 18.Rxb6 Ra1+ 19.Kf2 R8a2+ 20.Kg3 Ba6 21.Bxa6 Rxh1
22.Bb7 Ne7 23.Be4 f5 24.Bb1 Rd2 25.Rb7 g5 26.Rxd7 f4+ 27.Nxf4 gxf4+ 28.Kxf4 Nd5+
29.Rxd5 exd5 30.Bf5 Rc1 31.Ke5 Rxc3 32.Kxd5 Kf7 33.g4 Rxf3 34.c6 Rc3 35.h4 Ke7
36.h5 Kd8 37.Bd7 Kc7 38.Ke5 Rcd3 39.Kf6 Rxd4 40.Bf5 Rd6+ 41.Kg7 Rg2 42.Bg6 Rxg4
43.Kxh6 Rxc6 44.Kg7 Kd8 45.Kf7 Rf4+ 46.Kg7 Ke7 47.h6 Rg4 48.h7 Rgxg6+  0-1

[Event "Caissa GM March 2012"]
[Site "Kecskemet HUN"]
[Date "2012.03.19"]
[Round "3.2"]
[White "Kislik,E"]
[Black "Idani,P"]
[Result "1/2-1/2"]
[WhiteElo "2403"]
[BlackElo "2451"]

1.d4 Nf6 2.c4 e6 3.Nc3 Bb4 4.Qc2 O-O 5.a3 Bxc3+ 6.Qxc3 b6 7.Bg5 Ba6 8.Qf3 Nc6
9.e3 Na5 10.Rc1 c5 11.d5 exd5 12.Bxf6 Qxf6 13.Qxf6 gxf6 14.cxd5 Bxf1 15.Kxf1 Rfc8
16.Nh3 b5 17.Nf4 Rab8 18.Nh5 Rb6 19.h4 Nb3 20.Rd1 Re8 21.Rh3 Re4 22.f4 Kf8
23.g4 h6 24.g5 fxg5 25.hxg5 hxg5 26.fxg5 Re5 27.Nf6 Kg7 28.Nxd7 Rf5+ 29.Ke1 Rb7
30.e4 Rxg5 31.Rxb3 Rxd7 32.Rxb5 Re5 33.Rxc5 Rxe4+ 34.Kd2 Rd4+ 35.Kc1 Rxd1+
36.Kxd1 Kf6 37.Ke2 Ke5 38.Ke3 Rxd5 39.Rc7 Rb5 40.Rxf7 Rxb2 41.Rxa7 Rb3+ 42.Kd2 Kd4
43.Kc2 Rb5 44.a4 Rb4 45.a5 Kc5 46.a6 Ra4 47.Ra8  1/2-1/2